| Tag |
First Indicator |
Second Indicator |
Subfields |
| LEADER |
00000nam a2200000Ia 4500 |
| 001 |
in00004198521 |
| 005 |
20200806090158.0 |
| 006 |
m g d |
| 007 |
cr bn |||a|bb| |
| 008 |
080428s1678 enk o 000 0 eng d |
| 040 |
|
|
|a UMI
|c UMI
|
| 035 |
|
|
|a (OCoLC)226317658
|
| 037 |
|
|
|a CL2105000002
|b ProQuest Information and Learning, 789 E. Eisenhower Parkway, Ann Arbor, MI 48108-3218
|
| 043 |
|
|
|a e-uk-wl
|a e-uk---
|
| 090 |
|
|
|a DA745.M7
|b L56 1678
|
| 049 |
|
|
|a UMIA
|
| 100 |
1 |
|
|a Lloyd, Edward.
|
| 245 |
1 |
4 |
|a The case of Edward Lloyd, Esq; concerning the election of a burgess for the burrough of Montgomery in the county of Montgomery, :
|b to serve in the Parliament, to be holden at Westminster the sixth day of March 1678.
|
| 260 |
|
|
|a [London :
|b publisher not identified,
|c 1678]
|
| 300 |
|
|
|a 1 online resource (1 sheet ([1] pages).
|
| 336 |
|
|
|a text
|b txt
|2 rdacontent
|
| 337 |
|
|
|a computer
|b c
|2 rdamedia
|
| 338 |
|
|
|a online resource
|b cr
|2 rdacarrier
|
| 500 |
|
|
|a Imprint suggested by the British Library.
|
| 500 |
|
|
|a Reproduction of original in the British Library.
|
| 533 |
|
|
|a Electronic reproduction.
|b Ann Arbor, Mich. :
|c UMI,
|d 1999-
|f (Early English books online)
|n Digital version of: (Early English books; Tract supplement ; D2:1[141])
|7 s1999 miun s
|
| 651 |
|
0 |
|a Montgomery (Wales)
|x Politics and government
|v Early works to 1800.
|
| 600 |
1 |
0 |
|a Lloyd, Edward
|v Early works to 1800.
|
| 600 |
1 |
0 |
|a Price, Matthew,
|d fl. 1678
|v Early works to 1800.
|
| 610 |
1 |
0 |
|a Great Britain.
|b Parliament
|x Elections
|v Early works to 1800.
|
| 651 |
|
0 |
|a Great Britain
|x Politics and government
|y 1660-1714
|v Early works to 1800.
|
| 830 |
|
0 |
|a Early English books online.
|
| 856 |
4 |
0 |
|u http://proxy.library.tamu.edu/login?url=https://search.proquest.com/docview/2240865219
|z Connect to the full text of this electronic book
|t 0
|
| 994 |
|
|
|a 02
|b UMI
|
| 999 |
f |
f |
|s 3bd11ad7-74b1-3703-9383-093198c52d4a
|i edc1abfd-efdc-3d5e-84d3-ee5bf1016b21
|t 0
|
| 952 |
f |
f |
|a Texas A&M University
|b College Station
|c Electronic Resources
|d Available Online
|t 0
|e DA745.M7 L56 1678
|h Library of Congress classification
|
| 998 |
f |
f |
|a DA745.M7 L56 1678
|t 0
|l Available Online
|